Respiratory disorders / (Record no. 15796)
[ view plain ]
| 000 -LEADER | |
|---|---|
| fixed length control field | 00465pam a2200169 a 4500 |
| 020 ## - INTERNATIONAL STANDARD BOOK NUMBER | |
| ISBN | 0801650879 |
| 040 ## - CATALOGING SOURCE | |
| Transcribing agency | DLC |
| 082 00 - DEWEY DECIMAL CLASSIFICATION NUMBER | |
| Classification number | 616 MOS 1990 A091 Or. |
| 100 1# - MAIN ENTRY--AUTHOR NAME | |
| Personal name | Wilson, Susan Fickertt. |
| 245 10 - TITLE STATEMENT | |
| Title | Respiratory disorders / |
| 260 ## - PUBLICATION, DISTRIBUTION, ETC. (IMPRINT) | |
| Place of publication | Saint Louis : |
| Name of publisher | Mosby-Year Book, |
| Year of publication | c1990. |
| 300 ## - PHYSICAL DESCRIPTION | |
| Number of Pages | ix, 310 p. : |
| Other physical details | ill. (some col.) ; |
| Dimensions | 28 cm. |
| 650 #0 - SUBJECT ADDED ENTRY--TOPICAL TERM | |
| Topical Term | Respiratory organs |
| 650 #2 - SUBJECT ADDED ENTRY--TOPICAL TERM | |
| Topical Term | Respiratory Tract Diseases |
| 700 1# - ADDED ENTRY--PERSONAL NAME | |
| Personal name | Thompson, June M., |
| 942 ## - ADDED ENTRY ELEMENTS (KOHA) | |
| Koha item type | សៀវភៅភាសាអង់គ្លេស |
| 952 ## - LOCATION AND ITEM INFORMATION (KOHA) | |
| Withdrawn status [LOCAL, KOHA] | 0 |
| Permanent Location | Date acquired | Koha item type | Lost status | Shelving location | Barcode | Current Location | Full call number |
|---|---|---|---|---|---|---|---|
| Library Block A | 2017-12-11 | សៀវភៅភាសាអង់គ្លេស | A091 | A12570 | Library Block A | 616 MOS 1990 A091 Or. |